Ébano (Registro nro. 52981)

Detalles MARC
000 -ENCABEZADO
Número de control [NR] 00940nam a2200277Ia 4500
005 - FECHA Y HORA DE LA ÚLTIMA TRANSACCIÓN
control field 20211111074629.0
008 - DE LONGITUD FIJA DE DATOS DE ELEMENTOS - INFORMACIÓN GENERAL
Elementos de longitud fija [NR] 130821s2007 sp gr spa
020 ## - NUMERO INTERNACIONAL NORMALIZADO PARA LIBROS [R]
Número Internacional Normalizado del libro [NR] 8433925459
040 ## - FUENTE DE CATALOGACION [NR]
Agencia de catalogación original [NR] Co-BoUCM
Idioma de catalogación [NR] spa
041 00 - CODIGO DE IDIOMA [R]
Código de idioma para texto/pista de sonido o título separado [R] Español
100 1# - ASIENTO PRINCIPAL--NOMBRE PERSONAL [NR]
Nombre personal [NR] Kapuscinski, Ryszard
Fechas asociadas con el nombre [NR] 1932-2007
ID Autoridad 27921
245 10 - MENCION DE TITULO [NR]
Título [NR] Ébano
Mención de responsabilidad, etc. [NR] Ryszard Kapuscinski; traducción de Agata Orzeszek
250 ## - MENCION DE EDICION [NR]
Mención de edición [NR] 15a. Ed.
260 ## - PUBLICACION, DISTRIBUCION, ETC. (PIE DE IMPRENTA) [R]
Lugar de publicación, distribución, etc. [R] Barcelona (España)
Nombre del editor, distribuidor, etc. [R] Editorial Anagrama
Fecha de publicación, distribución, etc. [R] 2007
300 ## - DESCRIPCION FISICA [R]
Extensión [R] 340 páginas
490 ## - MENCION DE SERIE [R]
Mención de serie [R] Crónicas
Designación numérica/secuencial del volumen [NR] 45
600 ## - ASIENTO SECUNDARIO DE MATERIA - NOMBRE PERSONAL [R]
Nombre personal [NR] Kapuscinski, Ryszard
Fechas asociadas con el nombre [NR] 1932-2007
Subdivisión de forma [R] Relatos personales
9 (RLIN) 135940
600 ## - ASIENTO SECUNDARIO DE MATERIA - NOMBRE PERSONAL [R]
Nombre personal [NR] Kapuscinski, Ryszard
Fechas asociadas con el nombre [NR] 1932-2007
Subdivisión general [R] Itinerarios
9 (RLIN) 163550
650 04 - ASIENTO SECUNDARIO DE MATERIA - TERMINO TEMATICO [R]
Término temático o nombre geográfico como elemento de entrada [NR] Periodismo investigativo
9 (RLIN) 21353
650 04 - ASIENTO SECUNDARIO DE MATERIA - TERMINO TEMATICO [R]
Término temático o nombre geográfico como elemento de entrada [NR] Periodismo
9 (RLIN) 21340
651 ## - ASIENTO SECUNDARIO DE MATERIA - NOMBRE GEOGRAFICO [R]
Nombre geográfico [NR] África
Subdivisión general [R] Descripciones y viajes
9 (RLIN) 41983
700 1# - ASIENTO SECUNDARIO - NOMBRE PERSONAL [R]
Nombre personal [NR] Orzeszek, Agata
Término de relación [R]
9 (RLIN) 27924
765 ## - ASIENTO DE IDIOMA ORIGINAL [R]
Asiento principal [NR] Heban
942 ## - ELEMENTOS DE ENTRADA AGREGADOS (KOHA)
Tipo de ítem principal el descrito en 300a Libro
Tema principal Comunicación
Edición 1
Parte restante de la signatura top. K179eb
Sistema de clasificación DEWEY
Clasificación 070.44
Existencias
Fecha de último préstamo Total préstamos Total Renewals Signatura topográfica Código de barras Última vez visto Volúmen / Fascículo Ejemplar Price effective from Tipo de ítem Perdido Sistema de clasificación Dañado No prestable Tipo de ítem específico Suprimido Ubicación habitual Ubicación actual Localización Fecha de creación Forma de adquisición Costo
01/11/2017 52 16 070.44 K179eb 100085695 05/12/2025 15a. Ed. Ej.1 03/02/2013 Libro   DEWEY     Libro   Claustro Claustro 2do piso 30/09/2007 Compra 62900.00